LEADER 01143naa a2200217 u 4500 001 000000094345 003 CaOOAMICUS 005 20070226130138.0 008 040317s1983 gw u000 u ger u 020 $a3799570217 035 $a10987342 040 $aIAR$bita 100 1 $aKriegbaum, Bernhard,$cS.I.$0(OLS)http://pul/name/14008 245 10$aAfrikanische Autonomie und römisches Primat :$bKanon 8 der römischen Synode von 386 und seine Geltung in Afrika /$cBernhard Kriegbaum. 260 $aSigmaringen :$bJ. Thorbecke,$c1983. 300 $aS. 11 - 21, ;$c24 cm 773 0 $aAus Kirche und Reich : Festschrift für Friedrich Kempf. 773 0 $tAus Kirche und Reich : Studien zu Theologie, Politik und Recht im Mittelalter : Festschrift für Friedrich Kempf zu seinem fünfundsiebzigsten Geburtstag und fünfzigjährigen Doktorjubiläum$w()6237 996 $6020$a3799570217$9(OLS)http://pul/number/8059 996 $6245$aAfrikanische Autonomie und römisches Primat :$bKanon 8 der römischen Synode von 386 und seine Geltung in Afrika$9(OLS)http://pul/title/121213 996 $6260$aSigmaringen :$bJ. Thorbecke$9(OLS)http://pul/publisher/49538 LEADER 01122nam a2200277 u 4500 001 000000043689 003 CaOOAMICUS 005 20070226114451.0 008 990412s1969 fr u000 u fre u 035 $a10819614 040 $aPUL(R)$bita 100 1 $aMedvedev, Roj Aleksandrovi?,$d1925-$0(OLS)http://pul/name/31946 245 10$aFaut-il réhabiliter Staline? /$cRoy Medvedev ; traduit et annoté par François Olivier. 260 $aParis :$bÉditions du Seuil,$c1969. 300 $a88 p. ;$c21 cm 490 1 $aCombats 504 $aBiblioteca in nota. 600 14$aStalin, Joseph,$d1879-1953.$0(OLS)http://pul/subject/9764 700 1 $aOlivier, Francois.$0(OLS)http://pul/name/31947 830 0$aCombats.$0(OLS)http://pul/title/58934 850 $aPUL 852 $aPUL$W1$xDP1 Cons. Gen., Altre Classi 1$y22$m45 F 34$j58866$nBK-PRI$b $qStampati$B58866$CPULBib$Z2$F58866 $H $81 941 1 $a8 961 $aINV: 40805 996 $6245$aFaut-il réhabiliter Staline?$9(OLS)http://pul/title/58933 996 $6260$aParis :$bÉditions du Seuil$9(OLS)http://pul/publisher/54032